000 00295nam a2200121Ia 4500
001 65575
008 220902n ii |||gr||||Z||||||465
082 _a892.7
245 0 _aMaasatu jainab
_cAli Ahmad Bakasir
_hTextual Documents
300 _c20cm.
653 _aArabic Literature
942 _2ddc
_cBK
999 _c66675
_d66675